মাই ব্রিফ হিস্টি : (Record no. 10915)
[ view plain ]
| 000 -LEADER | |
|---|---|
| fixed length control field | 00861nam a2200265 a 4500 |
| 001 - CONTROL NUMBER | |
| JCCL Control Number | 10915 |
| 003 - CONTROL NUMBER IDENTIFIER | |
| JCCL marc code | BD-JhCC |
| 005 - DATE AND TIME OF LATEST TRANSACTION | |
| control field | 20191115134008.0 |
| 008 - FIXED-LENGTH DATA ELEMENTS--GENERAL INFORMATION | |
| fixed length control field | 190528b2018 bd ||||| a||| 00| 0 eng d |
| 020 ## - INTERNATIONAL STANDARD BOOK NUMBER | |
| International Standard Book Number | 9789849359500 |
| 035 ## - SYSTEM CONTROL NUMBER | |
| system control number | (BD-JhCC)10915 |
| 040 ## - CATALOGING SOURCE | |
| Original cataloging agency | BD-JhCC |
| Modifying agency | BD-JhCC |
| 041 ## - LANGUAGE CODE | |
| Language code of Book | ben |
| 082 ## - DEWEY DECIMAL CLASSIFICATION NUMBER | |
| Author mark and Year | HAW 2018 |
| Classification number | 927 |
| 100 ## - MAIN ENTRY--PERSONAL NAME | |
| Personal name | হকিং, স্টিফেন |
| 245 ## - TITLE STATEMENT | |
| Title | মাই ব্রিফ হিস্টি : |
| Remainder of title | আত্নস্মৃতি / |
| Statement of responsibility, etc | স্টিফেন হকিং এবং আবুল বাশার (অনু.) |
| 260 ## - PUBLICATION, DISTRIBUTION, ETC. (IMPRINT) | |
| Place of publication, distribution, etc | ঢাকা: |
| Name of publisher, distributor, etc | প্রথমা প্রকাশন; |
| Date of publication, distribution, etc | 2018. |
| 300 ## - PHYSICAL DESCRIPTION | |
| Pagination | 167 p. : |
| Other physical details | ill,: |
| Dimensions | 18 cm. |
| 600 ## - SUBJECT ADDED ENTRY--PERSONAL NAME | |
| Personal name | Hawking, Stephen |
| 650 ## - SUBJECT ADDED ENTRY--TOPICAL TERM | |
| Topical term or geographic name as entry element | Autobiography |
| 650 ## - SUBJECT ADDED ENTRY--TOPICAL TERM | |
| Topical term or geographic name as entry element | Memories |
| 700 ## - ADDED ENTRY--PERSONAL NAME | |
| Personal name | বাশার, আবুল |
| 942 ## - ADDED ENTRY ELEMENTS (KOHA) | |
| Source of classification or shelving scheme | Dewey Decimal Classification |
| Koha item type | Books |
| Koha issues (borrowed), all copies | 3 |
| Source of classification or shelving scheme | Damaged status | Not for loan | Home library | Current library | Shelving location | Date of accession | Cost, normal purchase price | Total Checkouts | Full call number | Barcode | Date last seen | Date checked out | Copy number | Koha item type |
|---|---|---|---|---|---|---|---|---|---|---|---|---|---|---|
| Dewey Decimal Classification | JCC Rouf Library | JCC Rouf Library | General Stacks | 06/13/2019 | 175.00 | 2 | 923 HAW 2018 | 14906 | 12/11/2019 | 11/14/2019 | C-1 | Books |